[Event "9th ECC w"]
[Site "Izmir TUR"]
[Date "2004.10.05"]
[Round "3"]
[White "Dzagnidze,N"]
[Black "Maric,A"]
[Result "1/2-1/2"]
[WhiteElo "2484"]
[BlackElo "2418"]
[EventDate "2004.10.03"]

1. d4 Nf6 2. Nf3 e6 3. Bg5 c5 4. e3 Be7 5. Nbd2 b6 6. Bd3 Bb7 7. O-O h6 8.
Bxf6 Bxf6 9. c3 O-O 10. b4 d6 11. Qe2 Qc7 12. bxc5 bxc5 13. e4 Nd7 14. Rfe1
Rfe8 15. e5 Be7 16. Nc4 Bxf3 17. Qxf3 d5 18. Ne3 Qa5 19. Ng4 cxd4 20. cxd4
Qc3 21. Red1 Rac8 22. Qg3 Kf8 23. f4 Qa3 24. Nf2 Bd8 25. f5 exf5 26. Qf4
Qe7 27. Bxf5 Rc6 28. Nd3 Bc7 1/2-1/2

[Event "9th ECC w"]
[Site "Izmir TUR"]
[Date "2004.10.05"]
[Round "3"]
[White "Javakhishvili,L"]
[Black "Chelushkina,I"]
[Result "1-0"]
[WhiteElo "2423"]
[BlackElo "2373"]
[EventDate "2004.10.03"]

1. d4 Nf6 2. c4 g6 3. Nc3 d5 4. Bg5 Ne4 5. Bh4 c6 6. e3 Qa5 7. Qb3 dxc4 8.
Bxc4 Nd6 9. Nf3 b5 10. Bd3 Be6 11. Qd1 Nd7 12. O-O Bg7 13. h3 Bc4 14. Rc1
Rc8 15. b3 Bxd3 16. Qxd3 h6 17. e4 b4 18. Na4 Qb5 19. Qe3 g5 20. Bg3 O-O
21. Nc5 Nxc5 22. Rxc5 Qa6 23. h4 Nb7 24. Rc2 gxh4 25. Nxh4 e6 26. Be5 Bxe5
27. dxe5 Kh7 28. g3 Qa5 29. Nf3 c5 30. Kg2 Kg7 31. Qf4 Rh8 32. Qf6+ Kg8 33.
Rd2 Qc7 34. Rh1 c4 35. bxc4 Nc5 36. Rhd1 Nxe4 37. Rd8+ Kh7 38. Qxh8+ 1-0

[Event "9th ECC w"]
[Site "Izmir TUR"]
[Date "2004.10.05"]
[Round "3"]
[White "Peptan,C"]
[Black "Lomineishvili,M"]
[Result "1/2-1/2"]
[WhiteElo "2429"]
[BlackElo "2429"]
[EventDate "2004.10.03"]

1. e4 c5 2. Nf3 d6 3. d4 cxd4 4. Nxd4 Nf6 5. Nc3 Nc6 6. Bg5 e6 7. Qd2 Qb6
8. Nb3 a6 9. O-O-O Be7 10. f3 O-O 11. g4 Qc7 12. Be3 b5 13. g5 Nd7 14. f4
Nc5 15. Nxc5 dxc5 16. e5 Rd8 17. Qe2 Rxd1+ 18. Qxd1 Bb7 19. Bg2 Rd8 20. Qg4
Nd4 21. Rd1 Bxg2 22. Qxg2 Nf5 23. Rxd8+ Qxd8 24. Bf2 Qc8 25. h4 c4 26. Qf3
Kf8 27. a3 Kg8 28. Kb1 Kf8 29. h5 Kg8 30. Ne4 Kf8 31. Nc3 Kg8 32. Na2 a5
33. Nc3 b4 34. axb4 axb4 35. Nb5 Qd8 36. Na7 Bf8 37. Nc6 Qd2 38. b3 c3 39.
Na5 Nd4 40. Bxd4 Qxd4 41. Qf1 Qd5 42. Nc4 Bc5 43. h6 g6 44. Kc1 Kf8 45. Kb1
Ke7 46. Ka2 1/2-1/2

[Event "9th ECC w"]
[Site "Izmir TUR"]
[Date "2004.10.05"]
[Round "3"]
[White "Molchanova,T"]
[Black "Drljevic,L"]
[Result "1-0"]
[WhiteElo "2298"]
[BlackElo "2188"]
[EventDate "2004.10.03"]

1. e4 g6 2. d4 Bg7 3. Nf3 c6 4. Bd3 d6 5. c3 Qc7 6. Na3 Nd7 7. O-O Ngf6 8.
Nh4 O-O 9. f4 c5 10. e5 Ne8 11. Be3 a6 12. Qf3 Rb8 13. f5 dxe5 14. fxg6
Nef6 15. gxh7+ Kh8 16. Qg3 Ne8 17. Rxf7 e4 18. Ng6+ Kxh7 19. Nxf8+ Kg8 20.
Rxg7+ Kxf8 21. Rg8+ 1-0

[Event "9th ECC w"]
[Site "Izmir TUR"]
[Date "2004.10.05"]
[Round "3"]
[White "Prudnikova,S"]
[Black "Dushenok,A"]
[Result "0-1"]
[WhiteElo "2402"]
[BlackElo "2238"]
[EventDate "2004.10.03"]

1. e4 c5 2. Nf3 a6 3. c4 d6 4. d4 cxd4 5. Nxd4 Nf6 6. Nc3 e6 7. Be2 Be7 8.
O-O O-O 9. Be3 b6 10. Qd2 Bb7 11. f3 Nbd7 12. Rfc1 Rc8 13. Rab1 Qc7 14. b4
Qb8 15. Rc2 Bd8 16. Kh1 Be7 17. Bg1 Kh8 18. a4 Rg8 19. Nb3 g5 20. a5 g4 21.
axb6 gxf3 22. gxf3 Nxb6 23. Na5 Rcd8 24. Nxb7 Qxb7 25. Qc1 Rg6 26. c5 Rdg8
27. Qb2 Na8 28. c6 Qc8 29. b5 e5 30. Re1 Qh3 0-1

[Event "9th ECC w"]
[Site "Izmir TUR"]
[Date "2004.10.05"]
[Round "3"]
[White "Sirotkina,N"]
[Black "Gaponenko,I"]
[Result "0-1"]
[WhiteElo "2221"]
[BlackElo "2445"]
[EventDate "2004.10.03"]

1. d4 e6 2. c4 f5 3. Nc3 Nf6 4. Qc2 Bb4 5. f3 O-O 6. e3 d5 7. Nh3 c6 8. Bd2
Nbd7 9. O-O-O dxc4 10. Bxc4 Nb6 11. Bd3 c5 12. dxc5 Bxc5 13. g4 Qe7 14. Kb1
Bd7 15. gxf5 exf5 16. Bxf5 Bxf5 17. Qxf5 Nfd7 18. Qe4 Qxe4+ 19. fxe4 Rae8
20. Nf4 Nf6 21. Nd3 Bd6 22. Rdg1 Nc4 23. Bc1 Nxe4 24. Nb5 a6 25. Nxd6 Nexd6
26. b3 Nxe3 27. Bb2 Rf7 28. h4 Ne4 29. a3 Rd7 30. Nf4 Rf7 31. Nh5 Ree7 32.
Ka2 Nf5 33. Rg2 Rc7 34. Rh3 Kf8 35. Nf4 Kg8 36. Nh5 b5 37. Re2 Rce7 38. Rg2
a5 39. b4 axb4 40. axb4 Ra7+ 41. Kb3 Rfd7 42. Nf6+ Nxf6 43. Bxf6 Ra4 44.
Rg5 Rda7 45. Re3 Ra3+ 46. Kc2 Ra2+ 47. Kd3 Rd7+ 48. Ke4 Nd6+ 49. Kd5 Ne8+
50. Ke6 Rd6+ 51. Ke7 Ra7+ 52. Kxe8 Rxf6 0-1

[Event "9th ECC w"]
[Site "Izmir TUR"]
[Date "2004.10.05"]
[Round "3"]
[White "Botvinnik,Ir"]
[Black "Matveeva,S"]
[Result "1/2-1/2"]
[WhiteElo "2239"]
[BlackElo "2437"]
[EventDate "2004.10.03"]

1. c4 Nf6 2. g3 c5 3. Bg2 e6 4. Nf3 d5 5. cxd5 exd5 6. d4 Nc6 7. O-O Be7 8.
dxc5 Bxc5 9. a3 O-O 10. b4 Bb6 11. Nc3 h6 12. Bb2 Re8 13. Na4 Bg4 14. h3
Bh5 15. Rc1 Qe7 1/2-1/2

[Event "9th ECC w"]
[Site "Izmir TUR"]
[Date "2004.10.05"]
[Round "3"]
[White "Len,I"]
[Black "Shaidullina,S"]
[Result "0-1"]
[WhiteElo "2105"]
[BlackElo "2308"]
[EventDate "2004.10.03"]

1. d4 d5 2. e3 Nf6 3. Nf3 e6 4. Bd3 c5 5. b3 Nc6 6. a3 Bd6 7. Bb2 b6 8. Ne5
Bb7 9. O-O Qe7 10. Nd2 O-O 11. f4 Rac8 12. Qe2 Bb8 13. Rae1 Ne4 14. Ndf3
Na5 15. dxc5 bxc5 16. Bxe4 dxe4 17. Nd2 f6 18. Nec4 Bc7 19. Bc3 Nxc4 20.
Qxc4 f5 21. Rd1 Kh8 22. Qe2 Rcd8 23. Qh5 Ba6 24. Rfe1 e5 25. g3 Kg8 26. Nf1
g6 27. Qh6 Rxd1 28. Rxd1 Rd8 29. Rxd8+ Qxd8 30. Nd2 Qd5 31. g4 Bc8 32. gxf5
Bxf5 33. h4 Qe6 34. h5 Qe7 35. hxg6 Bxg6 36. Qg5 Qxg5+ 37. fxg5 Kf7 38. Kf2
Ke6 39. Nc4 Kf5 40. Ba5 Bxa5 41. Nxa5 Bh5 42. c4 Kxg5 43. Nb7 Bg6 44. Nxc5
h5 45. b4 Kf5 46. Nb7 h4 47. c5 Ke6 48. c6 Be8 49. b5 Kd5 50. Nd8 Kd6 51.
a4 Kc7 52. Ne6+ Kb6 53. Ng5 Bg6 54. Ne6 Bf5 55. Nd8 a6 56. c7 axb5 57. axb5
Kxc7 58. Nc6 0-1

[Event "9th ECC w"]
[Site "Izmir TUR"]
[Date "2004.10.05"]
[Round "3"]
[White "Demina,J"]
[Black "Jiretorn,E"]
[Result "1-0"]
[WhiteElo "2336"]
[BlackElo "2145"]
[EventDate "2004.10.03"]

1. d4 d5 2. c4 c6 3. Nf3 dxc4 4. e3 Be6 5. Nbd2 Qa5 6. Be2 Nd7 7. O-O Nb6
8. Ne4 Na4 9. Neg5 Bd5 10. e4 h6 11. exd5 hxg5 12. dxc6 bxc6 13. Bxc4 e6
14. Bb3 Nb6 15. Bxg5 Bd6 16. h3 Ne7 17. Rc1 Rc8 18. Re1 Nbd5 19. Bd2 Qb6
20. Rc4 Nf5 21. Qc2 Nfe7 22. Qe4 Kd7 23. Ng5 Nf6 24. Qe2 Nf5 25. Bc3 Nd5
26. Nxf7 Nf4 27. Qe4 Rh4 28. Ne5+ Bxe5 29. Qxe5 Rch8 30. Rb4 Nxd4 31. Rxd4+
Ke7 32. Qxg7+ 1-0

[Event "9th ECC w"]
[Site "Izmir TUR"]
[Date "2004.10.05"]
[Round "3"]
[White "Johansson,V"]
[Black "Polovnikova,E"]
[Result "0-1"]
[WhiteElo "2189"]
[BlackElo "2407"]
[EventDate "2004.10.03"]

1. d4 d5 2. c4 c6 3. Nc3 Nf6 4. e3 a6 5. Nf3 b5 6. cxb5 cxb5 7. Bd3 e6 8.
O-O Bd6 9. Ne5 Nbd7 10. f4 Bb7 11. Qf3 O-O 12. a3 Rc8 13. Bd2 Nb6 14. Rfc1
Qe7 15. Be1 Nc4 16. Qe2 Nd7 17. Qh5 f5 18. Bh4 Nf6 19. Qe2 Qe8 20. a4 b4
21. Bxc4 dxc4 22. Nd1 Bxe5 23. dxe5 Nd5 24. Rxc4 Rxc4 25. Qxc4 Qh5 26. Bg3
Rc8 27. Qd3 Qe8 28. Qe2 b3 29. e4 fxe4 30. Ne3 Qc6 31. f5 Qc5 32. Bf2 Nxe3
33. Qxe3 Qxe3 34. Bxe3 exf5 35. Rd1 Bc6 36. Rd4 Kf7 37. Bd2 Ke6 38. Bc3 Bd5
39. Rb4 f4 40. Rb6+ Rc6 41. Rb8 e3 42. Rf8 Rc4 43. a5 Ra4 44. Kf1 Bc4+ 0-1

[Event "9th ECC w"]
[Site "Izmir TUR"]
[Date "2004.10.06"]
[Round "4"]
[White "Gvetadze,S"]
[Black "Chistiakova,T"]
[Result "0-1"]
[WhiteElo "2324"]
[BlackElo "2301"]
[EventDate "2004.10.03"]

1. e4 c5 2. Nf3 Nc6 3. Bb5 Na5 4. c3 a6 5. Be2 b5 6. d4 cxd4 7. cxd4 Nf6 8.
Bd3 Bb7 9. Qe2 e6 10. O-O Be7 11. Nbd2 O-O 12. b3 Rc8 13. Bb2 Qc7 14. Rac1
Qb8 15. Bc3 Ba3 16. Rc2 Nc6 17. d5 Nb4 18. Be5 d6 19. Rxc8 Rxc8 20. Bxf6
Nxd3 21. Qxd3 gxf6 22. Nd4 Re8 23. Rb1 Bc5 24. b4 Bxd4 25. Qxd4 exd5 26.
exd5 Re5 27. Ne4 Qd8 28. f4 Rf5 29. Nc3 Rh5 30. Re1 f5 31. Re3 Rh6 32. Ne2
Bc8 33. Qa7 Bd7 34. Qd4 Qc7 35. Rc3 Qb7 36. Ng3 f6 37. Ne2 Rg6 38. Re3 Kf7
39. Rh3 h6 40. Nc1 Qc7 41. Rc3 Qb7 42. Nb3 Rg8 43. Na5 Qb8 44. Rh3 Qc8 45.
Rc3 Qb8 46. Nc6 Bxc6 47. dxc6 Qe8 48. Qf2 Qe4 49. Rc1 Rxg2+ 50. Qxg2 Qe3+
51. Qf2 Qxc1+ 52. Kg2 Qxc6+ 53. Kh3 Qc3+ 54. Kh4 Qxb4 55. Kh5 Qc3 56. h4
Qc7 57. Qg2 Qc8 58. Qg6+ Ke6 59. Kxh6 Qh8+ 60. Qh7 Qxh7+ 61. Kxh7 Kf7 62.
h5 d5 63. h6 d4 64. a4 d3 65. axb5 d2 66. bxa6 d1=Q 67. a7 Qh5 0-1

[Event "9th ECC w"]
[Site "Izmir TUR"]
[Date "2004.10.06"]
[Round "4"]
[White "Matveeva,S"]
[Black "Dzagnidze,N"]
[Result "1/2-1/2"]
[WhiteElo "2437"]
[BlackElo "2484"]
[EventDate "2004.10.03"]

1. d4 Nf6 2. c4 e6 3. Nc3 Bb4 4. Qc2 O-O 5. a3 Bxc3+ 6. Qxc3 b5 7. cxb5 c6
8. Bg5 cxb5 9. e3 Bb7 10. Nf3 a6 11. Bd3 d6 12. a4 Nbd7 13. axb5 axb5 14.
O-O Rb8 15. Rfc1 h6 16. Bh4 b4 17. Qe1 Qb6 18. Nd2 d5 19. Nb3 Ra8 20. Bg3
Rxa1 21. Rxa1 Ra8 22. Rxa8+ Bxa8 23. Qa1 Bb7 24. Qa5 Ne4 25. Bc7 Qc6 26. f3
Nef6 27. Bg3 Qb6 28. Be1 e5 29. Bxb4 e4 30. Be2 exf3 31. gxf3 Qe6 32. Qd8+
Kh7 33. Bd3+ Ne4 34. Qh4 Qb6 35. Qe1 Qg6+ 36. Qg3 Nxg3 37. Bxg6+ Kxg6 38.
hxg3 Nb6 39. Na5 Ba6 40. b3 Kf6 41. Bd6 Nd7 42. Nc6 Ke6 43. Bc7 Nf8 44. Ba5
Bb5 45. Nd8+ Ke7 46. Bb4+ Kxd8 47. Bxf8 h5 48. Bxg7 Bd3 49. Bf6+ Kc7 50.
Kf2 Bf5 51. Ke2 Kc6 52. Kd2 Kb5 53. Be7 Kc6 54. Kc3 Kb5 55. Bd6 Kc6 56. Bf4
Kb5 57. Bd6 Kc6 58. Bf8 Kb5 59. Kd2 Kc6 60. b4 Kb5 61. e4 dxe4 62. fxe4
Bxe4 63. Ke3 Bg2 64. Kf4 Bb7 65. Kg5 Bf3 66. Kf6 Kc4 67. Bc5 Bd5 68. Ke7
Kb5 69. Kd6 Bg2 70. Ke5 Kc4 71. Be7 Bh1 72. Bc5 Bg2 73. Kd6 Kb5 74. Ke5 Kc4
75. Be7 Bf3 76. d5 Bxd5 77. b5 Bf3 78. b6 Kb5 79. Bd8 Kc6 1/2-1/2

[Event "9th ECC w"]
[Site "Izmir TUR"]
[Date "2004.10.06"]
[Round "4"]
[White "Shaidullina,S"]
[Black "Matnadze,A"]
[Result "1/2-1/2"]
[WhiteElo "2308"]
[BlackElo "2338"]
[EventDate "2004.10.03"]

1. d4 Nf6 2. c4 e6 3. Nf3 b6 4. g3 Bb7 5. Bg2 Be7 6. O-O O-O 7. Re1 d5 8.
cxd5 exd5 9. Nc3 Nbd7 10. Bf4 Ne4 11. Rc1 Nxc3 12. bxc3 Bd6 13. Bxd6 cxd6
14. Nd2 Rb8 15. Qa4 a6 16. c4 Nf6 17. cxd5 Nxd5 18. Qb3 Ne7 19. Bxb7 Rxb7
20. Rc3 b5 21. Rec1 Qb6 22. Nf3 h6 23. e3 a5 24. Qc2 Rfb8 25. e4 b4 26. Rc4
Qa6 27. d5 a4 28. Nd4 b3 29. axb3 axb3 30. Qb2 Qa2 31. Rb1 Rb4 32. Rxb4
Rxb4 33. Nxb3 Qxb2 34. Rxb2 Rxe4 35. Ra2 Rb4 36. Ra8+ Kh7 37. Nc5 dxc5 38.
d6 Rb7 39. dxe7 Rxe7 40. Rc8 Re5 41. h4 g5 42. hxg5 hxg5 43. g4 Kg7 44. Kg2
Kf6 45. f4 Rd5 46. Rc6+ Ke7 47. fxg5 Rxg5 48. Kf3 Kd7 49. Rf6 Ke7 50. Rc6
Re5 51. Kf4 f6 52. Kf3 Kf7 53. Kf4 Kg6 54. Rc8 Rd5 55. Rg8+ Kf7 56. Rc8
Rd4+ 57. Kf5 Rd5+ 58. Kf4 Ke7 59. Rc6 Rd4+ 60. Kf5 Rd5+ 61. Kf4 Rg5 62. Kf3
f5 63. gxf5 Rxf5+ 64. Ke4 Kd7 65. Ra6 Rh5 66. Kd3 Rh4 67. Kc3 1/2-1/2

[Event "9th ECC w"]
[Site "Izmir TUR"]
[Date "2004.10.06"]
[Round "4"]
[White "Chelushkina,I"]
[Black "Prudnikova,S"]
[Result "1-0"]
[WhiteElo "2373"]
[BlackElo "2402"]
[EventDate "2004.10.03"]

1. e4 c5 2. Nf3 Nc6 3. Bb5 g6 4. O-O Bg7 5. Re1 e5 6. Nc3 Nge7 7. a4 O-O 8.
Bc4 h6 9. Nd5 d6 10. c3 Kh7 11. h3 f5 12. d3 Nxd5 13. Bxd5 Bd7 14. Bd2 g5
15. exf5 Bxf5 16. a5 Rc8 17. Be3 Rc7 18. Nh2 Ne7 19. Bf3 Qd7 20. a6 b6 21.
Bc1 Ng6 22. Bd5 Nf4 23. Bxf4 exf4 24. Qe2 Rd8 25. Be6 Bxe6 26. Qxe6 Rcc8
27. Qd5 Be5 28. Qb7 Bg7 29. Qe4+ Kh8 30. Ng4 1-0

[Event "9th ECC w"]
[Site "Izmir TUR"]
[Date "2004.10.06"]
[Round "4"]
[White "Drljevic,L"]
[Black "Benderac,A"]
[Result "0-1"]
[WhiteElo "2188"]
[BlackElo "2299"]
[EventDate "2004.10.03"]

1. e4 c5 2. Nf3 d6 3. c3 Nf6 4. g3 Nc6 5. d3 g6 6. Bg2 Bg7 7. O-O O-O 8.
Re1 e5 9. a3 Rb8 10. b4 b5 11. Nbd2 a6 12. Nb3 a5 13. bxc5 a4 14. Nbd2 dxc5
15. Rb1 Be6 16. c4 Qa5 17. Bb2 bxc4 18. Nxc4 Bxc4 19. dxc4 Rfd8 20. Qc1 Ne8
21. h4 Rb3 22. Re3 Nd4 23. Kh2 Rxe3 24. Qxe3 Nd6 25. Nd2 h5 26. Bc3 Qc7 27.
f4 Bh6 28. Kh1 exf4 29. gxf4 Nc2 30. Qf3 Nxa3 31. Rg1 Naxc4 32. Nxc4 Nxc4
33. Bf6 Re8 34. e5 Bg7 35. Bxg7 Kxg7 36. Qe3 Qe7 37. Qg3 Rb8 38. Rc1 Rb3
39. Qf2 Ne3 40. Bf3 Qe6 41. Re1 Qh3+ 42. Kg1 Ng4 43. Qxc5 Qh2+ 0-1

[Event "9th ECC w"]
[Site "Izmir TUR"]
[Date "2004.10.06"]
[Round "4"]
[White "Gaponenko,I"]
[Black "Peptan,C"]
[Result "1/2-1/2"]
[WhiteElo "2445"]
[BlackElo "2429"]
[EventDate "2004.10.03"]

1. e4 c5 2. Nf3 Nc6 3. d4 cxd4 4. Nxd4 Nf6 5. Nc3 d6 6. Bg5 e6 7. Qd2 a6 8.
O-O-O Qc7 9. f3 Be7 10. Kb1 Nxd4 11. Qxd4 b5 12. g4 Bb7 13. Bxf6 Bxf6 14.
Qxd6 Qxd6 15. Rxd6 Ke7 16. Rd3 h5 17. Bg2 hxg4 18. fxg4 Rac8 19. Nd1 Rc4
20. Re3 Rd4 21. Bf3 Be5 22. h3 Rc8 23. Re2 b4 24. Nf2 a5 25. Nd3 Bb8 26.
Rf1 Ba6 27. Rd2 Rcd8 28. Rfd1 Bf4 29. Rf2 g5 30. Bg2 a4 31. Bf3 b3 32. axb3
axb3 33. Be2 Rxe4 34. Nxf4 Rxe2 35. Nxe2 Rxd1+ 36. Nc1 e5 37. Rf3 bxc2+ 38.
Kxc2 Rf1 39. Re3 Ke6 40. b4 Bc4 41. Nb3 Rf2+ 42. Nd2 Bb5 43. Kc3 f6 44. Ne4
Re2 45. Nc5+ Ke7 46. Rg3 Re1 47. Kd2 Ra1 48. Rc3 Ra2+ 49. Ke3 Rh2 50. Ke4
Bc6+ 51. Kf5 Kf7 52. Nd3 Bd7+ 53. Ke4 Ke7 54. Nc5 Re2+ 55. Kd5 Rd2+ 56. Rd3
Rxd3+ 57. Nxd3 Bb5 58. Nf2 Bf1 59. Kc5 Kd7 60. b5 Bg2 61. b6 Bf3 62. Nd3
Bg2 63. Nf2 Bf3 64. Nd3 Bg2 65. Nf2 Bf3 66. Nd3 Bg2 67. Nb4 Kc8 68. Kd6
Bxh3 69. Nd5 Bxg4 70. Nxf6 Bf3 71. Kxe5 Kb7 1/2-1/2

[Event "9th ECC w"]
[Site "Izmir TUR"]
[Date "2004.10.06"]
[Round "4"]
[White "Maric,A"]
[Black "Bojkovic,N"]
[Result "1/2-1/2"]
[WhiteElo "2418"]
[BlackElo "2398"]
[EventDate "2004.10.03"]

1. d4 Nf6 2. c4 e6 3. Nf3 b6 4. g3 Ba6 5. Qa4 Be7 6. Bg2 c6 7. Nc3 O-O 8.
Bf4 Bb7 9. O-O d5 10. Rac1 Nbd7 11. Rfd1 Nh5 12. Bd2 Nhf6 13. cxd5 exd5 14.
Qc2 b5 15. e4 b4 16. e5 bxc3 17. exf6 cxd2 18. fxe7 dxc1=Q 19. exf8=Q+ Nxf8
20. Rxc1 Qb6 21. h3 Re8 22. b3 Qa5 23. Ne5 Rc8 24. Bh1 1/2-1/2

[Event "9th ECC w"]
[Site "Izmir TUR"]
[Date "2004.10.06"]
[Round "4"]
[White "Kizova,S"]
[Black "Korbut,E"]
[Result "1/2-1/2"]
[WhiteElo "2124"]
[BlackElo "2400"]
[EventDate "2004.10.03"]

1. d4 d5 2. c4 dxc4 3. Nf3 Nf6 4. e3 a6 5. Bxc4 b5 6. Be2 Bb7 7. O-O Nbd7
8. a4 b4 9. b3 e6 10. Nbd2 c5 11. Bb2 Be7 12. Rc1 Rc8 13. Nc4 O-O 14. Nfe5
cxd4 15. exd4 Nd5 16. Bf3 Ba8 17. Rc2 N7f6 18. Qd2 Ne8 19. Ne3 Rxc2 20.
Qxc2 Nxe3 21. fxe3 Bg5 22. Bc1 Nf6 23. Bd2 Nd5 24. Qd3 f6 25. Nc4 Rf7 26.
Kh1 Rd7 27. Bxd5 exd5 28. Nb2 a5 29. Rc1 Rc7 30. Rxc7 Qxc7 31. Qb5 Bc6 32.
Qc5 g6 33. Nd3 Qc8 34. Qxa5 Qf5 35. h4 Qxd3 36. Qd8+ Kf7 37. hxg5 Qxd2 38.
Qxf6+ Kg8 39. Qxc6 Qe1+ 40. Kh2 Qh4+ 41. Kg1 Qe1+ 42. Kh2 1/2-1/2

[Event "9th ECC w"]
[Site "Izmir TUR"]
[Date "2004.10.06"]
[Round "4"]
[White "Slavina,I"]
[Black "Kononenko,T"]
[Result "1/2-1/2"]
[WhiteElo "2401"]
[BlackElo "2305"]
[EventDate "2004.10.03"]

1. d4 d5 2. c4 c6 3. Nf3 Nf6 4. Nc3 dxc4 5. a4 Bf5 6. Nh4 e6 7. Nxf5 exf5
8. e3 Bb4 9. Bxc4 O-O 10. Qc2 g6 11. O-O Nbd7 12. Ba2 Nb6 13. Bd2 a5 14.
Rad1 Re8 15. Rfe1 Ne4 16. Bc1 Nd5 17. Bxd5 cxd5 18. f3 Bxc3 19. bxc3 Nf6
20. Qb3 Qc7 21. Bd2 Re6 22. Rb1 b6 23. Qb5 Rc8 24. Rb2 Qe7 25. Reb1 Rcc6
26. Rb3 Qc7 27. Qa6 Kg7 28. Rb5 Qd6 29. R5b3 h5 30. Qd3 1/2-1/2

[Event "9th ECC w"]
[Site "Izmir TUR"]
[Date "2004.10.06"]
[Round "4"]
[White "Zdebskaja,N"]
[Black "Demina,J"]
[Result "0-1"]
[WhiteElo "2321"]
[BlackElo "2336"]
[EventDate "2004.10.03"]

1. d4 Nf6 2. c4 e6 3. Nc3 Bb4 4. e3 O-O 5. Nge2 d5 6. a3 Be7 7. cxd5 exd5
8. g3 c6 9. Bg2 Re8 10. O-O Na6 11. b4 Nc7 12. f3 a5 13. Rb1 axb4 14. axb4
Bf5 15. e4 dxe4 16. fxe4 Be6 17. Nf4 Bc4 18. Rf2 Bf8 19. Be3 Ra3 20. Qc1
Qa8 21. Bf3 b5 22. Qc2 Na6 23. e5 Nxb4 24. Qd2 Nfd5 25. Ncxd5 Nxd5 26. Nxd5
cxd5 27. Bh5 g6 28. Bg4 b4 29. Bg5 b3 30. Bd7 Ra2 31. Qf4 Rxf2 32. Qxf2 Qa2
33. Rb2 Qa1+ 34. Kg2 Bf1+ 35. Qxf1 Qxb2+ 36. Kh3 Ra8 37. e6 f5 38. e7 Bxe7
39. Bxe7 Ra2 40. Kh4 Qxd4+ 41. Kg5 Kg7 42. Bf8+ Kxf8 43. Bxf5 Rf2 0-1

[Event "9th ECC w"]
[Site "Izmir TUR"]
[Date "2004.10.06"]
[Round "4"]
[White "Bar Shalom,O"]
[Black "Molchanova,T"]
[Result "1/2-1/2"]
[WhiteElo "2080"]
[BlackElo "2298"]
[EventDate "2004.10.03"]

1. e4 c6 2. d4 d5 3. exd5 cxd5 4. Bd3 Nc6 5. c3 Nf6 6. Bf4 Bg4 7. Qb3 Qc8
8. h3 Bh5 9. Nd2 Bg6 10. Bxg6 hxg6 11. Ngf3 Nh5 12. Bh2 e6 13. O-O Be7 14.
Rfe1 O-O 15. Qd1 b5 16. Ne5 b4 17. Rc1 Qb7 18. Ndf3 Rac8 19. Qd3 Nf6 20. g4
Nxe5 21. Nxe5 bxc3 22. bxc3 Bd6 23. Bf4 Qc7 24. c4 Bxe5 25. Bxe5 dxc4 26.
Qa3 Qb7 27. Bd6 Rfd8 28. Bc5 Ne4 29. Rxc4 Nxc5 30. dxc5 Rd2 31. Rec1 Qd5
32. Qb3 Qc6 33. Ra4 a6 34. Rb4 Rcd8 35. Rb8 Kh7 36. Rxd8 Rxd8 37. Qb6 Rc8
38. Qxc6 Rxc6 39. Kg2 g5 40. Kf3 Kg6 41. Ke4 Kf6 42. Kd4 Ke7 43. Rb1 Kd7
44. a4 Kc7 45. Kc4 Kd7 1/2-1/2

[Event "9th ECC w"]
[Site "Izmir TUR"]
[Date "2004.10.06"]
[Round "4"]
[White "Dushenok,A"]
[Black "Len,I"]
[Result "1-0"]
[WhiteElo "2238"]
[BlackElo "2105"]
[EventDate "2004.10.03"]

1. d4 Nf6 2. c4 e6 3. Nf3 d5 4. Nc3 Nbd7 5. cxd5 exd5 6. Bg5 Be7 7. e3 c6
8. Bd3 Nf8 9. Qc2 Ne6 10. Bh4 g6 11. O-O O-O 12. Rfd1 Ng7 13. Bxf6 Bxf6 14.
b4 a6 15. a4 Bf5 16. Rac1 Bxd3 17. Qxd3 Nf5 18. b5 axb5 19. axb5 Ra3 20.
bxc6 bxc6 21. Qc2 Qc7 22. Nb1 Ra6 23. Rd3 Rb8 24. Rc3 Rbb6 25. Nbd2 Qa7 26.
Qd1 h5 27. g3 Kg7 28. Kg2 Ra3 29. Nb3 Qa4 30. Nfd2 g5 31. Qf3 Kg6 32. Nc5
Qb4 33. Ndb3 Ra2 34. Nd7 Qb5 35. Nf8+ Kg7 36. Qxf5 c5 37. Nd7 cxd4 38. Nxd4
Bxd4 39. exd4 Rg6 40. Rf3 1-0

[Event "9th ECC w"]
[Site "Izmir TUR"]
[Date "2004.10.06"]
[Round "4"]
[White "Ovod,E"]
[Black "Botvinnik,Ir"]
[Result "0-1"]
[WhiteElo "2301"]
[BlackElo "2239"]
[EventDate "2004.10.03"]

1. d4 d5 2. Nf3 Nf6 3. c4 dxc4 4. e3 e6 5. Bxc4 c5 6. Qe2 a6 7. dxc5 Bxc5
8. O-O Nc6 9. a3 O-O 10. b4 Ba7 11. Bb2 Qe7 12. Nc3 b5 13. Bd3 e5 14. Qc2
Bb7 15. Ne4 Nd7 16. Rfd1 Kh8 17. Ng3 g6 18. Be4 Rac8 19. Qb3 f6 20. h4 Nb6
21. h5 Kg7 22. hxg6 hxg6 23. Bf5 Rcd8 24. Nh4 Qf7 25. Qxf7+ Rxf7 26. Rxd8
Nxd8 27. Rd1 gxf5 28. Nhxf5+ Kh7 29. Rxd8 Nc4 30. Nd6 Nxd6 31. Rxd6 Bb8 32.
Re6 Kg6 33. e4 Rd7 34. Re8 Ba7 35. Rg8+ Kf7 36. Rg4 Rd1+ 37. Nf1 Re1 38.
Rh4 Bxe4 39. Bc3 Re2 40. Ne3 Bg6 41. Ng4 Rc2 42. Bxe5 fxe5 43. Nxe5+ Kf6
44. Rh6 Kxe5 45. Rxg6 Rxf2 46. Rxa6 Rf7+ 47. Kh2 Kf4 48. Rh6 Bd4 49. Rh4+
Ke5 50. Rh5+ Rf5 51. Rh7 Kd5 52. g4 Rf3 53. g5 Rxa3 54. g6 Be5+ 55. Kh1 Rg3
56. Rb7 Kc4 57. Re7 Bd4 0-1

[Event "9th ECC w"]
[Site "Izmir TUR"]
[Date "2004.10.06"]
[Round "4"]
[White "Vovinkina,N"]
[Black "Sirotkina,N"]
[Result "1-0"]
[WhiteElo "2156"]
[BlackElo "2221"]
[EventDate "2004.10.03"]

1. e4 c5 2. Nf3 e6 3. d3 Nc6 4. g3 d5 5. Qe2 Nf6 6. Bg2 Be7 7. O-O b6 8. e5
Nd7 9. c4 d4 10. Nfd2 Bb7 11. f4 Qc7 12. Ne4 O-O-O 13. Na3 a6 14. Nc2 f5
15. exf6 gxf6 16. f5 e5 17. Bd2 h5 18. h4 Rdg8 19. a3 Nd8 20. Kh2 Nf7 21.
b4 Nh6 22. Qf3 Ng4+ 23. Kh1 Rg7 24. Rfb1 Rhg8 25. Be1 Bf8 26. Rb2 cxb4 27.
Nxb4 Ne3 28. Qxh5 Nxg2 29. Kxg2 Bxb4 30. axb4 Bxe4+ 31. dxe4 Qxc4 32. Qd1
Kb7 33. Rc2 Qb5 34. Rac1 Nb8 35. Rc4 Rh8 36. Kf3 Qe8 37. Kf2 Rhg8 38. Kf1
Qb5 39. Kg2 Rh8 40. Kh3 Rhg8 41. Bf2 Rd7 42. g4 Rdg7 43. Qc2 Qd7 44. Kg3
Rh8 45. Kf3 Rhg8 46. g5 fxg5 47. hxg5 Rh8 48. Bg3 Qd8 49. g6 Qg5 50. Rc7+
Rxc7 51. Qxc7+ Ka8 52. Qxe5 Rd8 53. Qf4 Qe7 54. Rc7 Qxb4 55. e5 Qb3+ 56.
Kg2 d3 57. Qf3+ Rd5 58. g7 Qa2+ 59. Kh3 d2 60. g8=Q d1=Q 61. Qxd1 1-0

[Event "9th ECC w"]
[Site "Izmir TUR"]
[Date "2004.10.07"]
[Round "5"]
[White "Bojkovic,N"]
[Black "Dzagnidze,N"]
[Result "0-1"]
[WhiteElo "2398"]
[BlackElo "2484"]
[EventDate "2004.10.03"]

1. e4 c5 2. Nf3 d6 3. d4 cxd4 4. Nxd4 Nf6 5. Nc3 a6 6. Be2 e5 7. Nb3 Be7 8.
O-O O-O 9. Kh1 b6 10. f3 Bb7 11. Be3 b5 12. a4 b4 13. Nd5 Nxd5 14. exd5 Nd7
15. c3 bxc3 16. bxc3 Bg5 17. Bg1 Qc7 18. c4 a5 19. c5 dxc5 20. d6 Qc8 21.
Qc2 Ba6 22. Bc4 Bxc4 23. Qxc4 Qc6 24. Qb5 Qxb5 25. axb5 c4 26. Nxa5 c3 27.
g3 c2 28. Nb3 c1=Q 29. Raxc1 Bxc1 30. Rxc1 Rfb8 31. Rc7 Rxb5 32. Rxd7 Rxb3
33. Re7 Rb5 34. Rc7 Rd5 35. Bc5 Rd2 36. Re7 Ra1+ 37. Bg1 f6 38. d7 Rad1 39.
Re8+ Kf7 40. Rh8 Rxd7 0-1

[Event "9th ECC w"]
[Site "Izmir TUR"]
[Date "2004.10.07"]
[Round "5"]
[White "Matnadze,A"]
[Black "Drljevic,L"]
[Result "1-0"]
[WhiteElo "2338"]
[BlackElo "2188"]
[EventDate "2004.10.03"]

1. d4 d5 2. g3 g6 3. Bg2 Bg7 4. Nf3 Nf6 5. O-O O-O 6. c4 dxc4 7. Na3 c3 8.
bxc3 c5 9. e3 Nc6 10. Qe2 Bf5 11. Rd1 Qb6 12. Bb2 Rac8 13. Nc4 Qa6 14. Bf1
Na5 15. Nfd2 Nxc4 16. Nxc4 Bg4 17. f3 Be6 18. Rdc1 Rfd8 19. Nd2 Qxe2 20.
Bxe2 cxd4 21. cxd4 Nd5 22. Kf2 Nb4 23. Rxc8 Rxc8 24. a3 Rc2 25. axb4 Rxd2
26. Bc1 Rc2 27. Ke1 Bc4 28. Bd2 Bxe2 29. Kxe2 a6 30. b5 axb5 31. Ra8+ Bf8
32. Kd3 Rc7 33. e4 Kg7 34. Rd8 f6 35. d5 Kf7 36. f4 Bg7 37. Bc3 h5 38. Bb2
b6 39. e5 fxe5 40. fxe5 e6 41. d6 Rc5 42. Rd7+ Kf8 43. Bd4 Rd5 44. Ke4 b4
45. Rb7 Bh6 46. Rxb6 Bd2 47. Rb7 Be1 48. Be3 Bd2 49. Bxd2 Rxd2 50. Rxb4 Ke8
51. Rb8+ Kd7 52. Rb7+ Kd8 53. Re7 Re2+ 54. Kd4 Rd2+ 55. Ke3 Rxh2 56. Rxe6
g5 57. Rg6 Kd7 58. Rxg5 h4 59. Rg7+ Kc8 60. e6 Rh1 61. Rg8+ Kb7 62. d7 1-0